Ohio Cities Map Quiz - Statistics

General Stats
  • This quiz has been taken 3,696 times
    2,805 since last reset
  • The average score is 8 of 14
Answers on the Map
Answers color-coded by a green-red scale on the quiz's map according to % correct below.
 
Answer Stats
Answer % Correct
Cincinnati
83%
Cleveland
79%
Toledo
77%
Columbus
74%
Dayton
65%
Akron
61%
Youngstown
60%
Canton
56%
Hamilton
44%
Springfield
42%
Parma
40%
Elyria
37%
Newark
34%
Lorain
33%
No matching quizzes found
Score Distribution
Percent of People with Each Score
Percentile by Number Answered
Your Score History
You have not taken this quiz since the last reset